00611cam a22001933a 450000100060000000300060000600500170001200800410002904000150007004200070008510000310009224501220012326000290024550600300027451600200030470000220032483000290034685600420037543719PGUSA20140828084008.0130914s2013||||xxu|||||s|||||000 | eng d aPGUSAbeng adc1 aEucken, Rudolf,d1846-192610aLife's Basis and Life's Ideal :bThe Fundamentals of a New Philosophy of Lifeh[electronic resource] /cRudolf Eucken bProject Gutenberg,c2013 aPublic domain in the USA. aElectronic text1 aWidgery, Alban G. 0aProject Gutenbergv4371940uhttp://www.gutenberg.org/ebooks/43719